Cirkev - ľud - štát - národ protestantské cirkvi o svojom postavení v Európe

Bibliographic Details
Main Author: Prostredník, Ondrej (Author)
Format: Article
Language:Slovak
ISSN:0139-8768
Subjects:

MARC

LEADER 00000nab a2200000 a 4500
001 vtls000797287
003 SK-MaSNL
005 20260302155341.0
008 140402c2002 xo 0 slo
015 |a SNBRB2002/06-18795 
035 |a CLN000148942 
040 |a SNKBUCL  |b slo  |c SNKBUCL  |e AACR2 
041 0 |a slo 
044 |a xo  |c SK 
080 |a 284(4)  |2 1997 
100 1 |a Prostredník, Ondrej  |4 aut  |9 18063 
245 1 0 |a Cirkev - ľud - štát - národ  |b protestantské cirkvi o svojom postavení v Európe  |c Ondrej Prostredník 
650 0 7 |a protestantské cirkvi  |z Európa  |2 snkbucl  |9 23078 
650 0 7 |a protestantizmus  |z Európa  |2 snkbucl  |9 853637 
655 7 |a články z novín a časopisov  |2 snkbucl  |9 267496 
773 0 |t Evanjelický posol spod Tatier  |g Roč. 92, č. 18 (2002), s. 3  |x 0139-8768 
850 |a Slovenská národná knižnica v Martine 
852 |a SNK  |b KIS3GCP 
958 |a SK 
992 |a RBX 
999 |c 1371197  |d 1373127